| 000 | 00957nas a2200325 4500 | ||
|---|---|---|---|
| 001 | BR0503318 | ||
| 003 | BR-BrBNA | ||
| 005 | 20231205105504.0 | ||
| 007 | ta | ||
| 008 | 230509b bl.|||p| |||| 00| 00por d | ||
| 040 |
_aBR-BrBNA _bpor _cBiblioteca Nacional de Agricultura |
||
| 041 | _a(Pt) | ||
| 072 | _aF02; F30 | ||
| 100 | 1 | _aBorges Júnior, N. | |
| 100 | 1 | _aCorder, M.P.M. | |
| 100 | 1 | _aSobrosa, R. de C. | |
| 100 | 1 | _aSantos, E.M. dos | |
| 245 | 1 | _aRebrota de cepas de árvores adultas de acácia-negra (Acacia mearnsii De Wild.) | |
| 650 | _aACÁCIA NEGRA | ||
| 650 | _aREBROTA | ||
| 650 | _aIDADE | ||
| 650 | _aALTURA | ||
| 650 | _aPROPAGAÇÃO VEGETATIVA | ||
| 650 | _aENRAIZAMENTO | ||
| 650 | _aCLONAGEM | ||
| 650 | _aMELHORAMENTO GENÉTICO VEGETAL | ||
| 773 | 0 |
_tRevista Árvore (Brazil) _xISSN 0100-6762 _g(Jul-Aug 2004), v. 28(4) p. 611-615 _wBR0503318 |
|
| 909 |
_a202311 _bLúcia _c55 _dLúcia Elande |
||
| 942 |
_2AGRIS _n0 _cANA |
||
| 999 |
_c183228 _d183228 |
||